Turkish Airlines Destinations - Statistics

General Stats
  • This quiz has been taken 133 times
  • The average score is 166 of 284
Answer Stats
Country Destination % Correct
Turkey Ankara
93%
United Arab Emirates Dubai
93%
Germany Berlin
90%
France Paris
90%
United States New York
89%
United Arab Emirates Abu Dhabi
88%
Netherlands Amsterdam
87%
Spain Barcelona
87%
United Kingdom London
87%
Italy Rome
87%
Greece Athens
85%
Italy Milan
85%
Japan Tokyo
85%
China Beijing
84%
Turkey Muş
84%
Kazakhstan Astana
83%
United States Los Angeles
83%
Egypt Cairo
82%
Turkey Istanbul
82%
Spain Madrid
82%
United Kingdom Manchester
82%
Austria Vienna
82%
Germany Frankfurt
81%
Australia Sydney
81%
Turkey Antalya
80%
Iraq Baghdad
80%
Thailand Bangkok
80%
Denmark Copenhagen
80%
Qatar Doha
80%
Portugal Lisbon
80%
Russia Moscow
80%
Germany Munich
80%
United States San Francisco
80%
China Shanghai
80%
Turkey Van
80%
United States Washington
80%
Azerbaijan Baku
79%
South Africa Cape Town
79%
Ireland Dublin
79%
Finland Helsinki
79%
France Marseille
79%
Mexico Mexico City
79%
South Korea Seoul
79%
Switzerland Zürich
79%
Germany Cologne/Bonn
78%
France Nice
78%
Sweden Stockholm
78%
Canada Toronto
78%
Algeria Algiers
77%
Serbia Belgrade
77%
Romania Bucharest
77%
India Mumbai
77%
Poland Warsaw
77%
Belgium Brussels
76%
Hungary Budapest
76%
Bangladesh Dhaka
76%
United States Houston
76%
Pakistan Islamabad
76%
Turkey İzmir
76%
South Africa Johannesburg
76%
United States Miami
76%
Japan Osaka
76%
Norway Oslo
76%
Egypt Alexandria
75%
Jordan Amman
75%
United States Boston
75%
Morocco Casablanca
75%
Germany Hamburg
75%
Vietnam Hanoi
75%
Indonesia Jakarta
75%
France Lyon
75%
Italy Naples
75%
India New Delhi
75%
Portugal Porto
75%
Saudi Arabia Riyadh
75%
Russia Saint Petersburg
75%
Italy Venice
75%
Croatia Zagreb
75%
United States Atlanta
74%
Argentina Buenos Aires
74%
United States Dallas/Fort Worth
74%
Syria Damascus
74%
Nigeria Lagos
74%
Luxembourg Luxembourg
74%
Singapore Singapore
74%
Bulgaria Sofia
74%
Ghana Accra
73%
Ethiopia Addis Ababa
73%
Afghanistan Kabul
73%
Philippines Manila
73%
Kenya Nairobi
73%
Czech Republic Prague
73%
Iran Tehran
73%
United Kingdom Birmingham
72%
United States Chicago
72%
Kuwait Kuwait City
72%
Bosnia & Herzegovina Sarajevo
72%
North Macedonia Skopje
72%
Uzbekistan Tashkent
72%
Georgia Tbilisi
72%
Colombia Bogotá
71%
Australia Melbourne
71%
Brazil São Paulo
71%
Spain Valencia
71%
Canada Vancouver
71%
Switzerland Geneva
70%
Cuba Havana
70%
Malaysia Kuala Lumpur
70%
Panama Panama City
70%
Chile Santiago
70%
Lebanon Beirut
69%
Canada Montréal
69%
Latvia Riga
69%
Taiwan Taipei
69%
Tunisia Tunis
69%
Nigeria Abuja
68%
Sri Lanka Colombo
68%
United States Denver
68%
Germany Düsseldorf
68%
Nepal Kathmandu
68%
Slovenia Ljubljana
68%
Morocco Marrakesh
68%
Estonia Tallinn
68%
Italy Turin
68%
Venezuela Caracas
67%
China Hong Kong
67%
Oman Muscat
67%
Spain Seville
67%
Lithuania Vilnius
67%
Syria Aleppo
66%
Moldova Chișinău
66%
United Kingdom Edinburgh
66%
Poland Kraków
66%
Thailand Phuket
66%
Kosovo Pristina
66%
Spain Bilbao
65%
Italy Bologna
65%
France Bordeaux
65%
Indonesia Denpasar
65%
Vietnam Ho Chi Minh City
65%
Saudi Arabia Jeddah
65%
Spain Málaga
65%
Maldives Malé
65%
Germany Stuttgart
65%
Greece Thessaloniki
65%
Libya Tripoli
65%
Senegal Dakar
64%
China Guangzhou
64%
Malta Malta
64%
Italy Palermo
64%
United States Seattle/Tacoma
64%
Mongolia Ulaanbaatar
64%
Kazakhstan Almaty
63%
Kyrgyzstan Bishkek
63%
Croatia Dubrovnik
63%
Angola Luanda
63%
Sweden Gothenburg
62%
Austria Salzburg
62%
Bahrain Bahrain
61%
Tanzania Dar es Salaam
61%
Djibouti Djibouti
61%
Pakistan Karachi
61%
Pakistan Lahore
61%
Montenegro Podgorica
61%
Madagascar Antananarivo
60%
Turkmenistan Ashgabat
60%
Italy Bari
60%
Saudi Arabia Medina
60%
France Toulouse
60%
Ivory Coast Abidjan
59%
Mexico Cancún
59%
Dem. Rep. Congo Kinshasa
59%
Germany Hanover
58%
United States Newark
58%
Somalia Mogadishu
57%
Germany Nuremberg
57%
Tanzania Zanzibar
57%
Mali Bamako
56%
Germany Bremen
56%
United States Detroit
56%
Turkey Bodrum
55%
Romania Cluj-Napoca
54%
Germany Leipzig
54%
Guinea-Bissau Bissau
53%
Tajikistan Dushanbe
53%
Bulgaria Varna
53%
Georgia Batumi
52%
South Africa Durban
52%
Sierra Leone Freetown
52%
Iraq Erbil
51%
Turkey Gaziantep
51%
Russia Kazan
51%
Rwanda Kigali
51%
Chad N'Djamena
51%
Cambodia Phnom Penh
51%
Burkina Faso Ouagadougou
50%
Turkey Samsun
49%
Guinea Conakry
48%
South Sudan Juba
48%
Cameroon Yaoundé
48%
Zambia Lusaka
47%
Saudi Arabia Dammam
46%
Mauritius Mauritius
46%
Turkey Trabzon
46%
Eritrea Asmara
45%
Iraq Basra
45%
Italy Catania
45%
Gabon Libreville
45%
Mauritania Nouakchott
45%
Gambia Banjul
44%
France Basel
44%
Turkey Diyarbakır
44%
Mazambique Maputo
44%
Niger Niamey
44%
Iran Isfahan
43%
Turkey Konya
43%
Denmark Billund
42%
Turkey Kayseri
41%
Uzbekistan Samarkand
41%
Turkey Dalaman
40%
Egypt Hurghada
40%
Turkey Batman
39%
Cameroon Douala
39%
Kenya Mombasa
39%
Egypt Sharm El Sheikh
39%
Iran Shiraz
38%
Romania Timișoara
38%
Libya Benghazi
37%
Turkey Erzurum
37%
North Macedonia Ohrid
37%
Algeria Oran
36%
Finland Rovaniemi
36%
Benin Cotonou
35%
Tanzania Kilimanjaro
35%
Montenegro Tivat
35%
Uganda Entebbe
34%
Jordan Aqaba
33%
Iran Tabriz
33%
Romania Constanta
32%
Turkey Malatya
32%
Iran Mashhad
32%
Turkey Rize
32%
Turkey Şanlıurfa
31%
Cyprus Ercan
30%
Algeria Constantine
28%
Turkey Elâzığ
28%
Turkey Kars
28%
Turkey Ordu
28%
Sudan Port Sudan
28%
Turkey Adıyaman
27%
Turkey Denizli
27%
Turkey Kahramanmaraş
26%
Turkey Erzincan
25%
Iraq Kirkuk
25%
Turkey Mardin
25%
Turkey Zonguldak
25%
Seychelles Mahé
24%
Turkey Nevşehir
24%
Turkey Amasya
23%
Turkey Gazipaşa
23%
Iraq Najaf
22%
Turkey Ağrı
21%
Turkey Sinop
21%
Turkey Iğdır
20%
Turkey Isparta
20%
Turkey Siirt
20%
Turkey Edremit/Balıkesir
19%
Turkey Kastamonu
19%
Turkey Sirnak
19%
Turkey Tokat
19%
Uzbekistan Urgench
19%
Kazakhstan Aqtau
18%
Uzbekistan Bukhara
18%
Iraq Sulaymaniyah
18%
Turkey Bingöl
17%
Turkey Kütahya
17%
Rep. Congo Pointe-Noire
17%
Uzbekistan Fergana
16%
Turkey Hakkari
16%
Saudi Arabia Ta'if
15%
Turkey Cukurova
13%
Kazakhstan Turkistan
12%
Saudi Arabia Yanbu
9%
Libya Misurata
5%
No matching quizzes found
Score Distribution
Percent of People with Each Score
Percentile by Number Answered
Your Score History
You have not taken this quiz